| 000 | 00840nam a22002057a 4500 | ||
|---|---|---|---|
| 003 | BD-DhUL | ||
| 005 | 20170517121545.0 | ||
| 008 | 160127s1984 bg ||||| |||| 00| 0 ben | ||
| 020 | _a9844011086 | ||
| 040 |
_aBD-DhUL _cBD-DhUL |
||
| 082 |
_a954.92 _bUMB |
||
| 100 | 1 | _aউমর, বদরুদ্দীন | |
| 245 |
_aভাষা আন্দোলন প্রসঙ্গ : _cবদরুদ্দীন উমর _bকতিপয় দলিল, প্রথম খন্ড / |
||
| 260 |
_aঢাকা : _bবাংলা একাডেমী , _c১৯৮৪ |
||
| 300 |
_a২৯৭ পৃ. : _c২১ সেমি. |
||
| 650 | 0 | _aবাংলাদেশ -ইতিহাস | |
| 650 | 0 | _2Bangladesh-history | |
| 700 | 1 |
_aরহমান, হাসান হাফিজুর _eসম্পাদক |
|
| 942 |
_2ddc _cBK |
||
| 999 |
_c198418 _d198418 |
||